| 000 | 01293nam a22003497a 4500 | ||
|---|---|---|---|
| 003 | CHAP | ||
| 005 | 20220329140611.0 | ||
| 008 | 971013s1981 r 10010 d | ||
| 010 | _a54555 | ||
| 011 | _a55527 | ||
| 035 | _a59679 | ||
| 040 | _cCHAP | ||
| 082 |
_a634 _bS4 |
||
| 111 | 0 | 0 |
_aSeminario sobre Manejo y Conservación de Frutas, Hortalizas y Flores ( _d1980 _c: Guadalajara, Jal.) _9104322 |
| 245 | _aMemoria | ||
| 260 |
_aMéxico, D.F. : _bFondo de Garantía y Fomento para la Agricultura, Ganadería y Avicultura, _c1981 |
||
| 300 |
_a341 p. _b; gráfs. |
||
| 590 |
_aBATCH-UPD _b10 _c20130110 _lUCH01 _h1210 |
||
| 590 |
_aBATCH-UPD _b10 _c20130410 _lUCH01 _h0749 |
||
| 590 |
_aBATCH-UPD _b10 _c20130914 _lUCH01 _h1417 |
||
| 590 |
_aCONVERSION _b10 _c20130109 _lUCH01 _h1329 |
||
| 650 | 1 | 4 |
_aFlores _xFisiología y morfología. _941379 |
| 650 | 1 | 4 |
_aFlores _xPreservación. _941402 |
| 650 | 1 | 4 |
_aFruta _xConservación. _943602 |
| 650 | 1 | 4 |
_aFruta _xFisiología y morfología. _943618 |
| 650 | 1 | 4 |
_aLegumbres _xConservación. _965696 |
| 901 | _aBK | ||
| 942 | _cLIBRO | ||
| 949 |
_a634 S4 _bBC _cCONG _d-128981 _eCONG _h55727 _i59679 _si |
||
| 949 |
_a634 S4 _bBC _cLIBRO _d33724000664447 _eLIBRO _fc.2 _h55428 _i59679 _si |
||
| 949 |
_a634 S4 _bBC _cLIBRO _d33724000687158 _eLIBRO _fc.3 _h92259 _i59679 _si |
||
| 999 |
_c54555 _d54555 |
||